| 000 | 00651 a2200169 4500 | ||
|---|---|---|---|
| 999 |
_c5250 _d5250 |
||
| 020 | _a0132514818 | ||
| 050 | 0 | 0 | _aMT 85 GRE 2004 |
| 100 | 1 |
_aGreen, Elizabeth A. H. _eauthor |
|
| 245 | 1 | 4 |
_aThe modern conductor : _ba college text on conducting based on the technical principles of Nicolai Malko as set forth in his The conductor and his baton / _cElizabeth A.H. Green. |
| 250 | _a6th ed. | ||
| 264 |
_aNew York: _bMalko Foundation, _c2004 |
||
| 300 |
_a286 p. : _bill. ; |
||
| 500 | _aIncludes bibliographical references and indexes | ||
| 504 | _aIncludes bibliographical references and indexes | ||
| 650 | 0 | _aConducting | |
| 942 |
_2lcc _cBK _h85 _iGRE _kMT |
||